| 000 | 00358pam a2200133 a 4500 | ||
|---|---|---|---|
| 020 | _a1400040078 (alk. paper) | ||
| 050 | 0 | 0 |
_aPS3515.O3485 _bP53 2003 |
| 100 | 1 | _aHollander, John. | |
| 245 | 1 | 0 |
_aPicture window : _bpoems / _cby John Hollander. |
| 250 | _a1st ed. | ||
| 260 |
_aNew York : _bAlfred A. Knopf, _c2003. |
||
| 300 | _aviii, 85 p. : | ||
| 942 |
_2lcc _cGEN |
||
| 999 |
_c9307 _d9307 |
||